000 00923nam a2200265Ia 4500
003 OSt
005 20220923211542.0
006 a|||||r|||| 00| 0
007 ta
008 220922b |||||||| |||| 00| 0 pan d
020 _a9789383392483 (hbk)
_c195
024 _a352,556
037 _b1193, 18/02/2020, H.K. Prakashan
_cTextual
040 _aARTS
_cARTS
_bpan
041 _2pan
_apan
082 _aO153,1N47x, Q8
100 _aਸਿੰਘ, ਕੁਲਜੀਤ ਇਕਬਾਲ, ਂਚ.
_9159468
245 0 _aਹੰਢਾਏ ਪਲ
260 _aਚੰਡੀਗੜ
_b ਲੋਕਗੀਤ ਪ੍ਰਕਾFਨ
_c2018
300 _a74ਪੰ
_ccm.
650 _a ਪੰਜਾਬੀ ਸਾਹਿਤ
650 _aਸ਼ਚਅਹ਼ਲਜ
942 _hO153,1N47x, Q8
_cTEXL
_2CC
999 _c300696
_d300696